<?xml version="1.0" encoding="UTF-8"?>
<record
    xmlns:xsi="http://www.w3.org/2001/XMLSchema-instance"
    xsi:schemaLocation="http://www.loc.gov/MARC21/slim http://www.loc.gov/standards/marcxml/schema/MARC21slim.xsd"
    xmlns="http://www.loc.gov/MARC21/slim">

  <leader>02118nam0a2200361   4500</leader>
  <controlfield tag="001">RU\NLR\bibl\293560</controlfield>
  <controlfield tag="005">20260409080542.0</controlfield>
  <datafield tag="021" ind1=" " ind2=" ">
    <subfield code="a">RU</subfield>
    <subfield code="b">2002-17195</subfield>
    <subfield code="9">864</subfield>
  </datafield>
  <datafield tag="035" ind1=" " ind2=" ">
    <subfield code="a">(NLR Aleph) 000288909</subfield>
  </datafield>
  <datafield tag="090" ind1=" " ind2=" ">
    <subfield code="a">1691413</subfield>
    <subfield code="c">1691413</subfield>
  </datafield>
  <datafield tag="100" ind1=" " ind2=" ">
    <subfield code="a">20020806d2002    |||y0rusy50      ca</subfield>
  </datafield>
  <datafield tag="101" ind1="0" ind2=" ">
    <subfield code="a">chu</subfield>
  </datafield>
  <datafield tag="102" ind1=" " ind2=" ">
    <subfield code="a">RU</subfield>
  </datafield>
  <datafield tag="105" ind1=" " ind2=" ">
    <subfield code="a">y   |||||||||</subfield>
  </datafield>
  <datafield tag="200" ind1="1" ind2=" ">
    <subfield code="a">&#x420;&#x443;&#x43A;&#x43E;&#x432;&#x43E;&#x434;&#x441;&#x442;&#x432;&#x43E; &#x43A; &#x438;&#x437;&#x443;&#x447;&#x435;&#x43D;&#x438;&#x44E; &#x43A;&#x43D;&#x438;&#x433; &#x421;&#x432;&#x44F;&#x449;&#x435;&#x43D;&#x43D;&#x43E;&#x433;&#x43E; &#x41F;&#x438;&#x441;&#x430;&#x43D;&#x438;&#x44F; &#x41D;&#x43E;&#x432;&#x43E;&#x433;&#x43E; &#x417;&#x430;&#x432;&#x435;&#x442;&#x430;</subfield>
    <subfield code="e">&#x41E;&#x431;&#x43E;&#x437;&#x440;&#x435;&#x43D;&#x438;&#x435; &#x427;&#x435;&#x442;&#x432;&#x435;&#x440;&#x43E;&#x435;&#x432;&#x430;&#x43D;&#x433;&#x435;&#x43B;&#x438;&#x44F;, &#x43A;&#x43D;. &#x414;&#x435;&#x44F;&#x43D;&#x438;&#x439; &#x410;&#x43F;&#x43E;&#x441;&#x442;&#x43E;&#x43B;., &#x410;&#x43F;&#x43E;&#x441;&#x442;&#x43E;&#x43B;. &#x41F;&#x43E;&#x441;&#x43B;&#x430;&#x43D;&#x438;&#x439; &#x438; &#x410;&#x43F;&#x43E;&#x43A;&#x430;&#x43B;&#x438;&#x43F;&#x441;&#x438;&#x441;&#x430;</subfield>
    <subfield code="e">[&#x423;&#x447;&#x435;&#x431;. &#x43F;&#x43E;&#x441;&#x43E;&#x431;&#x438;&#x435; &#x434;&#x43B;&#x44F; &#x432;&#x43E;&#x441;&#x43F;&#x438;&#x442;&#x430;&#x43D;&#x43D;&#x438;&#x43A;&#x43E;&#x432; &#x434;&#x443;&#x445;&#x43E;&#x432;. &#x441;&#x435;&#x43C;&#x438;&#x43D;&#x430;&#x440;&#x438;&#x439;, &#x441;&#x442;&#x443;&#x434;&#x435;&#x43D;&#x442;&#x43E;&#x432; &#x431;&#x43E;&#x433;&#x43E;&#x441;&#x43B;&#x43E;&#x432;. &#x438;&#x43D;-&#x442;&#x43E;&#x432;, &#x431;&#x43E;&#x433;&#x43E;&#x441;&#x43B;&#x43E;&#x432;. &#x444;&#x430;&#x43A;. &#x438; &#x443;&#x447;&#x430;&#x449;&#x438;&#x445;&#x441;&#x44F; &#x434;&#x443;&#x445;&#x43E;&#x432;. &#x443;&#x447;&#x438;&#x43B;&#x438;&#x449;]</subfield>
    <subfield code="f">&#x421;&#x43E;&#x441;&#x442;. &#x410;.&#x412;. &#x418;&#x432;&#x430;&#x43D;&#x43E;&#x432;</subfield>
  </datafield>
  <datafield tag="205" ind1=" " ind2=" ">
    <subfield code="a">8-&#x435; &#x438;&#x437;&#x434;., &#x438;&#x441;&#x43F;&#x440;. &#x438; &#x434;&#x43E;&#x43F;.</subfield>
  </datafield>
  <datafield tag="210" ind1=" " ind2=" ">
    <subfield code="a">&#x421;&#x41F;&#x431;.</subfield>
    <subfield code="c">&#x412;&#x43E;&#x441;&#x43A;&#x440;&#x435;&#x441;&#x435;&#x43D;i&#x435; &#x438; &#x434;&#x440;.</subfield>
    <subfield code="d">2002</subfield>
  </datafield>
  <datafield tag="215" ind1=" " ind2=" ">
    <subfield code="a">910, [1] &#x441;.</subfield>
    <subfield code="d">24</subfield>
  </datafield>
  <datafield tag="300" ind1=" " ind2=" ">
    <subfield code="a">&#x417;&#x430;&#x433;&#x43B;. &#x43E;&#x431;&#x43B;.: &#x420;&#x443;&#x43A;&#x43E;&#x432;&#x43E;&#x434;&#x441;&#x442;&#x432;&#x43E; &#x43A; &#x438;&#x437;&#x443;&#x447;&#x435;&#x43D;&#x438;&#x44E; &#x421;&#x432;&#x44F;&#x449;&#x435;&#x43D;&#x43D;&#x43E;&#x433;&#x43E; &#x41F;&#x438;&#x441;&#x430;&#x43D;&#x438;&#x44F; &#x41D;&#x43E;&#x432;&#x43E;&#x433;&#x43E; &#x417;&#x430;&#x432;&#x435;&#x442;&#x430;</subfield>
  </datafield>
  <datafield tag="300" ind1=" " ind2=" ">
    <subfield code="a">&#x422;&#x435;&#x43A;&#x441;&#x442; &#x43D;&#x430; &#x446;&#x435;&#x440;&#x43A;&#x43E;&#x432;.-&#x441;&#x43B;&#x430;&#x432;. &#x44F;&#x437;.</subfield>
  </datafield>
  <datafield tag="320" ind1=" " ind2=" ">
    <subfield code="a">&#x411;&#x438;&#x431;&#x43B;&#x438;&#x43E;&#x433;&#x440;. &#x432; &#x43F;&#x43E;&#x434;&#x441;&#x442;&#x440;&#x43E;&#x447;. &#x43F;&#x440;&#x438;&#x43C;&#x435;&#x447;.</subfield>
  </datafield>
  <datafield tag="500" ind1=" " ind2=" ">
    <subfield code="a">&#x411;&#x438;&#x431;&#x43B;&#x438;&#x44F;</subfield>
    <subfield code="i">&#x41D;.&#x417;.</subfield>
    <subfield code="3">RU\NLR\auth\553088</subfield>
    <subfield code="9">2631042</subfield>
  </datafield>
  <datafield tag="512" ind1="1" ind2=" ">
    <subfield code="a">&#x420;&#x443;&#x43A;&#x43E;&#x432;&#x43E;&#x434;&#x441;&#x442;&#x432;&#x43E; &#x43A; &#x438;&#x437;&#x443;&#x447;&#x435;&#x43D;&#x438;&#x44E; &#x421;&#x432;&#x44F;&#x449;&#x435;&#x43D;&#x43D;&#x43E;&#x433;&#x43E; &#x41F;&#x438;&#x441;&#x430;&#x43D;&#x438;&#x44F; &#x41D;&#x43E;&#x432;&#x43E;&#x433;&#x43E; &#x417;&#x430;&#x432;&#x435;&#x442;&#x430;</subfield>
  </datafield>
  <datafield tag="517" ind1="0" ind2=" ">
    <subfield code="a">&#x420;&#x443;&#x43A;&#x43E;&#x432;&#x43E;&#x434;&#x441;&#x442;&#x432;&#x43E; &#x43A;&#x44A; &#x438;&#x437;&#x443;&#x447;&#x435;&#x43D;i&#x44E; &#x43A;&#x43D;&#x438;&#x433;&#x44A; &#x421;&#x432;&#x44F;&#x449;&#x435;&#x43D;&#x43D;&#x430;&#x433;&#x43E; &#x41F;&#x438;&#x441;&#x430;&#x43D;i&#x44F; &#x41D;&#x43E;&#x432;&#x430;&#x433;&#x43E; &#x417;&#x430;&#x432;&#x435;&#x442;&#x430;</subfield>
  </datafield>
  <datafield tag="605" ind1=" " ind2=" ">
    <subfield code="a">&#x411;&#x438;&#x431;&#x43B;&#x438;&#x44F;</subfield>
    <subfield code="i">&#x41D;&#x43E;&#x432;&#x44B;&#x439; &#x417;&#x430;&#x432;&#x435;&#x442;</subfield>
    <subfield code="j">&#x420;&#x443;&#x43A;&#x43E;&#x432;&#x43E;&#x434;&#x441;&#x442;&#x432;&#x430;, &#x43F;&#x43E;&#x441;&#x43E;&#x431;&#x438;&#x44F; &#x438; &#x442;.&#x43F;.</subfield>
    <subfield code="x">&#x418;&#x437;&#x443;&#x447;&#x435;&#x43D;&#x438;&#x435;</subfield>
    <subfield code="9">2273839</subfield>
    <subfield code="3">RU\NLR\auth\661362754</subfield>
  </datafield>
  <datafield tag="686" ind1=" " ind2=" ">
    <subfield code="a">&#x42D;37-220.2&#x44F;7</subfield>
  </datafield>
  <datafield tag="702" ind1=" " ind2="1">
    <subfield code="4">220</subfield>
    <subfield code="8">rus</subfield>
    <subfield code="7">ca</subfield>
    <subfield code="a">&#x418;&#x432;&#x430;&#x43D;&#x43E;&#x432;</subfield>
    <subfield code="b">&#x410;. &#x412;.</subfield>
    <subfield code="c">&#x431;&#x43E;&#x433;&#x43E;&#x441;&#x43B;&#x43E;&#x432;</subfield>
    <subfield code="f">1837-1911</subfield>
    <subfield code="g">&#x410;&#x43B;&#x435;&#x43A;&#x441;&#x430;&#x43D;&#x434;&#x440; &#x412;&#x430;&#x441;&#x438;&#x43B;&#x44C;&#x435;&#x432;&#x438;&#x447;</subfield>
    <subfield code="3">RU\NLR\auth\7752910</subfield>
    <subfield code="9">35843</subfield>
  </datafield>
  <datafield tag="801" ind1=" " ind2="0">
    <subfield code="a">RU</subfield>
    <subfield code="b">NLR</subfield>
    <subfield code="c">20020806</subfield>
    <subfield code="g">PSBO</subfield>
  </datafield>
  <datafield tag="801" ind1=" " ind2="1">
    <subfield code="a">RU</subfield>
    <subfield code="b">NLR</subfield>
    <subfield code="c">20020806</subfield>
  </datafield>
  <datafield tag="942" ind1=" " ind2=" ">
    <subfield code="c">BOOK</subfield>
  </datafield>
  <datafield tag="980" ind1=" " ind2=" ">
    <subfield code="a">NB</subfield>
  </datafield>
  <datafield tag="995" ind1=" " ind2=" ">
    <subfield code="5">2002-08-06</subfield>
    <subfield code="a">ad</subfield>
    <subfield code="b">NLR01</subfield>
    <subfield code="c">NLR01</subfield>
    <subfield code="e">RF8</subfield>
    <subfield code="f">311175</subfield>
    <subfield code="k">2002-7/3185</subfield>
    <subfield code="o">0</subfield>
    <subfield code="r">BOOK</subfield>
    <subfield code="s">200273185_</subfield>
  </datafield>
  <datafield tag="995" ind1=" " ind2=" ">
    <subfield code="5">2002-08-06</subfield>
    <subfield code="a">ad</subfield>
    <subfield code="b">NLR01</subfield>
    <subfield code="c">NLR01</subfield>
    <subfield code="e">RF8</subfield>
    <subfield code="f">311176</subfield>
    <subfield code="k">2002-7/3185</subfield>
    <subfield code="o">0</subfield>
    <subfield code="r">BOOK</subfield>
    <subfield code="s">200273185_</subfield>
  </datafield>
  <datafield tag="995" ind1=" " ind2=" ">
    <subfield code="5">2008-02-06</subfield>
    <subfield code="a">ab</subfield>
    <subfield code="b">NLR01</subfield>
    <subfield code="c">NLR01</subfield>
    <subfield code="e">RZF</subfield>
    <subfield code="f">2600145</subfield>
    <subfield code="o">0</subfield>
    <subfield code="p">100.00</subfield>
    <subfield code="r">BOOK</subfield>
  </datafield>
</record>
